000
00193 a2200097 4500
020
_a
9780545160551
041
_a
spa
100
_a
Klein, Abby
245
_a
ŁSocorro! Łun vampiro!
942
_c
BK
999
_c
30125
_d
30123